Normal view
MARC view
Entry Topical Term
001 - CONTROL NUMBER
- control field: 1878
003 - CONTROL NUMBER IDENTIFIER
- control field: BD-RjUL
005 - DATE AND TIME OF LATEST TRANSACTION
- control field: 20220315162009.0
008 - FIXED-LENGTH DATA ELEMENTS
- fixed length control field: 220315|| aca||aabn | a|a d
040 ## - CATALOGING SOURCE
- Original cataloging agency: BD-RjUL
- Transcribing agency: BD-RjUL
150 ## - HEADING--TOPICAL TERM
- Topical term or geographic name entry element: Biological resources
- Form subdivision: Economics of land energy
- Geographic subdivision: Bangladesh
670 ## - SOURCE DATA FOUND
- Source citation: Work cat.: (BD-RjUL)79563: Khan, Azizul Hoque 1877, Indigenous knowledge for aquatic resource management in coastal Bangladesh :, 2009